[Event "SLO-chT1 West"]
[Site "Ljubljana"]
[Date "2015.10.17"]
[Round "2"]
[White "Skok, Joze"]
[Black "Petek, Peter"]
[Result "1/2-1/2"]
[WhiteElo "1999"]
[BlackElo "2136"]
[PlyCount "66"]
[EventDate "2015.10.16"]
[EventType "team-tourn"]
[EventRounds "9"]
[EventCountry "SLO"]
[SourceTitle "EXT 2019"]
[Source "ChessBase"]
[SourceDate "2018.10.10"]
[SourceVersion "1"]
[SourceVersionDate "2018.10.10"]
[SourceQuality "1"]
[WhiteTeam "Domzale"]
[BlackTeam "Gorenjka Lesce"]
[WhiteTeamCountry "SLO"]
[BlackTeamCountry "SLO"]

1. e4 e5 2. Nf3 Nc6 3. Bb5 a6 4. Ba4 Nf6 5. d4 exd4 6. e5 Ne4 7. 0-0 Nc5 8. Bxc6 dxc6 9. Nxd4 Be7 10. Nc3 0-0 11. Re1 Ne6 12. Nf5 Bb4 13. Bd2 Nd4 14. Nxd4 Qxd4 15. Re4 Bxc3 16. Rxd4 Bxd4 17. Bc3 Bxc3 18. bxc3 Be6 19. a4 b5 20. Qd4 Bd5 21. h3 Rae8 22. axb5 axb5 23. Ra7 f6 24. f4 fxe5 25. fxe5 Rf5 26. Rxc7 Rfxe5 27. Qf4 R5e7 28. Rxe7 Rxe7 29. Qb8+ Kf7 30. Qf4+ Kg8 31. Qb8+ Kf7 32. Qf4+ Kg8 33. Qb8+ Kf7 1/2-1/2

[Event "SLO-chT1 West"]
[Site "Ljubljana"]
[Date "2013.10.27"]
[Round "9"]
[White "Petek, Peter"]
[Black "Kerma, Simon"]
[Result "0-1"]
[WhiteElo "2176"]
[BlackElo "2107"]
[PlyCount "34"]
[EventDate "2013.09.27"]
[EventType "team-tourn"]
[EventRounds "9"]
[EventCountry "SLO"]
[SourceTitle "EXT 2019"]
[Source "ChessBase"]
[SourceDate "2018.10.10"]
[SourceVersion "1"]
[SourceVersionDate "2018.10.10"]
[SourceQuality "1"]
[WhiteTeam "Gorenjka Lesce"]
[BlackTeam "Val Koper"]
[WhiteTeamCountry "SLO"]
[BlackTeamCountry "SLO"]

1. e4 c5 2. Nf3 d6 3. d4 cxd4 4. Nxd4 Nf6 5. Nc3 g6 6. Bg5 Bg7 7. Qd2 Nc6 8. 0-0-0 Nxe4 9. Nxc6 Qb6 10. Qe3 Qxe3+ 11. Bxe3 Nxc3 12. Bd4 Bh6+ 13. Rd2 Ne4 14. Bxh8 Bxd2+ 15. Kd1 bxc6 16. Bd3 Nxf2+ 17. Kxd2 Nxh1 0-1

[Event "SLO-chT1 West"]
[Site "Ljubljana"]
[Date "2013.10.18"]
[Round "4"]
[White "Debevec, Blaz"]
[Black "Petek, Peter"]
[Result "1/2-1/2"]
[WhiteElo "2113"]
[BlackElo "2176"]
[PlyCount "44"]
[EventDate "2013.09.27"]
[EventType "team-tourn"]
[EventRounds "9"]
[EventCountry "SLO"]
[SourceTitle "EXT 2019"]
[Source "ChessBase"]
[SourceDate "2018.10.10"]
[SourceVersion "1"]
[SourceVersionDate "2018.10.10"]
[SourceQuality "1"]
[WhiteTeam "Komenda"]
[BlackTeam "Gorenjka Lesce"]
[WhiteTeamCountry "SLO"]
[BlackTeamCountry "SLO"]

1. e4 e5 2. Nf3 Nc6 3. d4 exd4 4. Nxd4 Bc5 5. Nxc6 bxc6 6. Bc4 Qh4 7. 0-0 Nf6 8. g3 Qh3 9. Qf3 0-0 10. Nc3 Ng4 11. Qg2 Qxg2+ 12. Kxg2 d6 13. Bd2 Rb8 14. b3 Be6 15. Be2 f5 16. h3 Nf6 17. Bd3 fxe4 18. Nxe4 Bd5 19. f3 Nxe4 20. fxe4 Be6 21. Rxf8+ Rxf8 22. Rf1 Rxf1 1/2-1/2

[Event "SLO-chT"]
[Site "Bled"]
[Date "2005.11.12"]
[Round "7"]
[White "Brcar, Andrej"]
[Black "Petek, Peter"]
[Result "1/2-1/2"]
[WhiteElo "2094"]
[BlackElo "2225"]
[PlyCount "26"]
[EventDate "2005.11.03"]
[EventType "team"]
[EventRounds "9"]
[EventCountry "SLO"]
[SourceTitle "CBM 109 Extra"]
[Source "ChessBase"]
[SourceDate "2006.01.03"]
[SourceVersion "2"]
[SourceVersionDate "2006.01.03"]
[SourceQuality "1"]

1. e4 e5 2. Nf3 Nc6 3. d4 exd4 4. Bc4 Nf6 5. e5 d5 6. Bb5 Ne4 7. Nxd4 Bd7 8. Bxc6 bxc6 9. 0-0 Qh4 10. Be3 Bc5 11. c3 0-0 12. f3 Ng5 13. Nd2 Ne6 1/2-1/2

[Event "SLO-chT"]
[Site "Bled"]
[Date "2005.11.11"]
[Round "6"]
[White "Petek, Peter"]
[Black "Valjavec, Stane"]
[Result "1-0"]
[WhiteElo "2225"]
[BlackElo "1901"]
[PlyCount "85"]
[EventDate "2005.11.03"]
[EventType "team"]
[EventRounds "9"]
[EventCountry "SLO"]
[SourceTitle "CBM 109 Extra"]
[Source "ChessBase"]
[SourceDate "2006.01.03"]
[SourceVersion "2"]
[SourceVersionDate "2006.01.03"]
[SourceQuality "1"]

1. e4 e6 2. d4 d5 3. Nd2 Nc6 4. Ngf3 a6 5. c3 Bd7 6. Bd3 Nge7 7. 0-0 Ng6 8. Re1 dxe4 9. Nxe4 Be7 10. Neg5 h6 11. Nxe6 Bxe6 12. Bxg6 Qd7 13. Be4 Bg4 14. h3 Bxf3 15. Qxf3 0-0 16. Bf4 Nd8 17. Qg3 g5 18. Bxc7 Ne6 19. Ba5 Qb5 20. Qe5 Qxe5 21. dxe5 Rab8 22. Bb6 Bc5 23. Bxc5 Nxc5 24. Rad1 Rfe8 25. Bd5 Kg7 26. b4 Na4 27. Re3 Re7 28. Bb3 Nb6 29. Rd6 Na8 30. e6 f5 31. Rd7 Rbe8 32. Rxe7+ Rxe7 33. Rd3 Kf6 34. Rd8 Nc7 35. Rh8 Nb5 36. Rxh6+ Ke5 37. Rg6 Nxc3 38. Rxg5 Ne4 39. Rh5 Rc7 40. g4 Nd6 41. gxf5 Kf4 42. f6 Ne4 43. f7 1-0

[Event "Finkenstein op"]
[Site "Finkenstein"]
[Date "1995.??.??"]
[Round "4"]
[White "Holzweber, Martin"]
[Black "Petek, Peter"]
[Result "0-1"]
[WhiteElo "1945"]
[BlackElo "2225"]
[PlyCount "70"]
[EventDate "1995.??.??"]
[EventType "swiss"]
[EventRounds "9"]
[EventCountry "AUT"]
[SourceTitle "EXT 1997"]
[Source "ChessBase"]
[SourceDate "1996.11.15"]
[SourceVersion "1"]
[SourceVersionDate "1996.11.15"]
[SourceQuality "1"]

1. e4 e5 2. Nf3 Nc6 3. Bc4 Nf6 4. d3 Be7 5. Nc3 0-0 6. Be3 d6 7. Qd2 Na5 8. Bb3 Nxb3 9. axb3 a6 10. h3 Be6 11. g4 c6 12. d4 Qc7 13. d5 cxd5 14. exd5 Bd7 15. Ng5 Rac8 16. 0-0-0 b5 17. Nge4 Nxe4 18. Nxe4 f5 19. Bg5 Rf7 20. Bxe7 Rxe7 21. gxf5 Bxf5 22. f3 Rf7 23. Rh2 h6 24. Rg1 a5 25. Rhg2 Kh7 26. c3 b4 27. c4 Rb8 28. Ng3 Bg6 29. h4 Rxf3 30. h5 Bd3 31. Ne2 Rbf8 32. Rd1 Bf5 33. Rdg1 Kh8 34. Rxg7 Qxg7 35. Rxg7 Rf1+ 0-1

[Event "Finkenstein op"]
[Site "Finkenstein"]
[Date "1995.??.??"]
[Round "5"]
[White "Petek, Peter"]
[Black "Eybl, Alexander"]
[Result "1/2-1/2"]
[WhiteElo "2225"]
[BlackElo "2075"]
[PlyCount "33"]
[EventDate "1995.??.??"]
[EventType "swiss"]
[EventRounds "9"]
[EventCountry "AUT"]
[SourceTitle "EXT 1997"]
[Source "ChessBase"]
[SourceDate "1996.11.15"]
[SourceVersion "1"]
[SourceVersionDate "1996.11.15"]
[SourceQuality "1"]

1. e4 c5 2. Nc3 e6 3. g3 d5 4. Bg2 Nf6 5. d3 dxe4 6. Nxe4 Nxe4 7. Bxe4 Nd7 8. Bg2 Nf6 9. Nf3 Bd6 10. 0-0 Qc7 11. Nd2 Bd7 12. Nc4 Bc6 13. Nxd6+ Qxd6 14. Bf4 Qe7 15. Re1 0-0 16. Be5 Nd5 17. f4 1/2-1/2

[Event "Kranj op U18"]
[Site "Kranj"]
[Date "1995.??.??"]
[Round "6"]
[White "Petek, Peter"]
[Black "Kavcic, Uros"]
[Result "0-1"]
[WhiteElo "1750"]
[BlackElo "1995"]
[PlyCount "50"]
[EventDate "1995.??.??"]
[EventType "swiss (rapid)"]
[EventRounds "9"]
[EventCountry "SLO"]
[SourceTitle "EXT 1998"]
[Source "ChessBase"]
[SourceDate "1997.11.17"]
[SourceVersion "1"]
[SourceVersionDate "1997.11.17"]
[SourceQuality "1"]

1. e4 c5 2. c4 Nc6 3. Nc3 g6 4. g3 Bg7 5. Bg2 e6 6. Nge2 Nge7 7. 0-0 0-0 8. Rb1 f5 9. d3 a6 10. a3 Rb8 11. b4 cxb4 12. axb4 b5 13. Qb3 bxc4 14. Qxc4 Ne5 15. Qb3 Nxd3 16. Na2 Nxc1 17. Rfxc1 fxe4 18. Bxe4 Qb6 19. Rf1 d5 20. Bg2 Bd7 21. Nec3 Bd4 22. Kh1 Rxf2 23. Bxd5 exd5 24. Nxd5 Nxd5 25. Qxd5+ Be6 0-1

[Event "Kranj op U18"]
[Site "Kranj"]
[Date "1995.??.??"]
[Round "5"]
[White "Petek, Peter"]
[Black "Zaletelj, A."]
[Result "1-0"]
[WhiteElo "1750"]
[BlackElo "1845"]
[PlyCount "63"]
[EventDate "1995.??.??"]
[EventType "swiss (rapid)"]
[EventRounds "9"]
[EventCountry "SLO"]
[SourceTitle "EXT 1998"]
[Source "ChessBase"]
[SourceDate "1997.11.17"]
[SourceVersion "1"]
[SourceVersionDate "1997.11.17"]
[SourceQuality "1"]

1. c4 e5 2. Nc3 Nf6 3. Nf3 Nc6 4. e4 Bc5 5. Nxe5 Nxe5 6. d4 Bxd4 7. Qxd4 Nc6 8. Qd3 0-0 9. Bg5 h6 10. Bh4 Nb4 11. Qd2 Qe7 12. Bxf6 Qxf6 13. Nb5 Na6 14. Be2 d6 15. 0-0-0 Qg6 16. Bf3 Bg4 17. Qe3 Rfe8 18. h3 Bxf3 19. gxf3 Re7 20. Rhg1 Qe6 21. Nc3 Qxh3 22. Nd5 Re5 23. Nf4 Qd7 24. Rg2 Rg5 25. Rdg1 Rxg2 26. Rxg2 Kh7 27. Nh5 Qe6 28. Rxg7+ Kh8 29. Qd4 Qe5 30. Qxe5 dxe5 31. Rxf7 Rg8 32. Nf6 1-0

[Event "Budapest op"]
[Site "Budapest"]
[Date "1991.??.??"]
[Round "?"]
[White "Neupauer, Kamill"]
[Black "Petek, Peter"]
[Result "1-0"]
[WhiteElo "2290"]
[BlackElo "2225"]
[PlyCount "71"]
[EventDate "1991.??.??"]
[EventType "swiss"]
[EventRounds "9"]
[EventCountry "HUN"]
[SourceTitle "EXT 2004"]
[Source "ChessBase"]
[SourceDate "2003.11.25"]
[SourceVersion "1"]
[SourceVersionDate "2003.11.25"]
[SourceQuality "1"]

1. d4 d5 2. c4 e6 3. Nf3 Nf6 4. Bg5 Nbd7 5. e3 c6 6. Bd3 Qa5+ 7. Ke2 Ne4 8. Bf4 Ndf6 9. Nbd2 Nxd2 10. Nxd2 Nh5 11. Be5 f6 12. Bg3 Nxg3+ 13. hxg3 f5 14. g4 g6 15. gxf5 exf5 16. g4 dxc4 17. Nxc4 Qd5 18. Ne5 Qd6 19. Qc2 Qf6 20. Bc4 Be6 21. g5 Qe7 22. Nxg6 hxg6 23. Rxh8 0-0-0 24. Rah1 Bxc4+ 25. Qxc4 f4 26. R1h7 Qe4 27. Qd3 Qe6 28. Qb3 Qg4+ 29. Kd3 b5 30. Rf7 Bd6 31. Rxd8+ Kxd8 32. Rf6 Be7 33. Rxc6 Qf5+ 34. e4 Qh3+ 35. Kc2 Qg4 36. Qg8+ 1-0

[Event "Budapest op"]
[Site "Budapest"]
[Date "1991.??.??"]
[Round "?"]
[White "Petek, Peter"]
[Black "Richter, Rainer"]
[Result "0-1"]
[WhiteElo "2225"]
[BlackElo "2315"]
[PlyCount "64"]
[EventDate "1991.??.??"]
[EventType "swiss"]
[EventRounds "9"]
[EventCountry "HUN"]
[SourceTitle "EXT 2004"]
[Source "ChessBase"]
[SourceDate "2003.11.25"]
[SourceVersion "1"]
[SourceVersionDate "2003.11.25"]
[SourceQuality "1"]

1. e4 c5 2. Nc3 Nc6 3. f4 g6 4. Nf3 Bg7 5. Bc4 d6 6. 0-0 e6 7. d3 Nge7 8. Qe1 0-0 9. Qh4 Na5 10. Ng5 h6 11. Nf3 Nec6 12. Qh3 Nxc4 13. dxc4 Nd4 14. Nxd4 Bxd4+ 15. Be3 Qb6 16. Bxd4 cxd4 17. Na4 Qc6 18. Qxh6 Qxe4 19. Rac1 Qf5 20. Rf3 Qf6 21. b3 Bd7 22. Rh3 Rfe8 23. Nb2 Qg7 24. Qxg7+ Kxg7 25. Nd3 e5 26. Rh4 Bf5 27. Kf2 e4 28. Nb4 a5 29. Nd5 e3+ 30. Ke2 Bxc2 31. Kf1 d3 32. Nxe3 Rxe3 0-1